[Event "2021 WA G/15 Championship"]
[Site "Orlov Chess Academy (Greenlak"]
[Date "2021.10.17"]
[Round "2"]
[White "Corey-Derrah, Alan"]
[Black "Razmov, Valentin"]
[Result "0-1"]
[WhiteElo "1771"]
[BlackElo "1986"]
[Annotator "Valentin Razmov"]
[PlyCount "87"]
[EventDate "2021.??.??"]
[TimeControl "900+10"]

{[%evp 0,87,27,20,41,55,68,70,51,51,44,44,51,55,63,42,37,42,51,30,30,38,24,-12,
16,-20,-32,-14,-9,-3,32,32,32,-98,-98,-105,-105,-102,-102,-110,-110,-110,-114,
-212,-198,-199,-197,-239,-110,-334,-315,-339,-326,-336,-326,-331,-218,-664,
-203,-276,-185,-188,-140,-136,-143,-226,-226,-223,-223,-223,-243,-241,-241,
-243,-243,-244,-243,-244,-243,-243,-243,-245,-259,-259,-245,-268,-269,-273,
-225,-224]} 1. e4 d5 2. exd5 Qxd5 3. Nf3 Nf6 4. d4 Bf5 {Letting White develop
an initiative thanks to their potential mobile center. More common is:} (4...
Bg4) 5. Nc3 {Transposing to the mainline after 3.Nc3, thus blocking the c-pawn
and missing the opportunity to put pressure on Black using:} (5. c4 $5) 5...
Qa5 6. Bd2 {A commonly played move at the club level, but in reality not as
dangerous as it looks.} c6 7. a3 e6 8. Ne4 Qc7 {Not fearing the exchange on f6
with doubling of Black's pawns. An alternative is 8...Qd8.} 9. Nxf6+ gxf6 10.
Bc3 $6 {This promising looking spot for the bishop will become a liability in
the near future. More to the point are the alternatives involving the push of
the c-pawn:} (10. c4) (10. c3) 10... Nd7 11. Qd2 (11. g3) 11... Nb6 12. O-O-O
Nd5 13. Kb1 Bd6 {Black is already quite comfortable by this point.} 14. g3 b5
$6 {Although not a common idea for Black in this opening, the queen-side
attack seemed tantalizing and I decided that it's worth trying at least for
the learning experience of doing it. But there was a better way to start that
queen-side campaign...} (14... a5 {∓}) 15. Ba5 {Correctly blockading the
dark squares and thus slowing down Black's queen-side progress considerably.}
Qb7 16. Bg2 $2 {This looks promising as a developing and solidifying move, but
is in fact too slow given the dynamic nature of the position. Both players
still had plenty of time left on the clocks: nearly 10 minutes each out of the
original 15 (plus delay).} (16. Nh4) 16... b4 $1 {Taking advantage of White's
slow-down...} 17. axb4 Bxb4 18. Bxb4 Nxb4 {Now the dark squares on the
queen-side are once again unblocked and Black is ready to attack. It felt good
to be having this promising position as Black.} 19. Ne1 Rb8 20. Qc3 Qa6 {
Black's moves come naturally and are strong. White has its back against a wall,
and is playing forced moves to defend.} 21. Nd3 $6 (21. Qc5) 21... Qa2+ 22. Kc1
Nxd3+ 23. cxd3 O-O $2 {Black trembles at the prospect of having the king left
in the center with White's queen and bishop eyeing the c6-pawn with check!
More than that, this prophylactic move releases the pressure on White and
gives them a chance to eliminate one of the main threats to their position --
with a forced queen exchange. Both players had roughly 5 minutes left on the
clocks at this point.} (23... Rb3 $1 {Gutsy and strong -- the black king can
safely hide on g7, if needed.} 24. Qc2 O-O 25. Qb1 {-+}) 24. Be4 $2 (24. Qa3 $1
Qxa3 25. bxa3 Rb3 {∓ and although Black has all the chances, White can have
reasonable hopes to survive in the end.}) 24... Rb3 25. Qc2 Rfb8 26. Rd2 Bxe4
27. dxe4 R8b4 {White's position is at a breaking point. But will Black find
the way to crack it with 2 minutes left on the clock?} 28. Qb1 {Black has a
game-ending strike here and was in fact looking for that, but somehow missed
it! Can you spot it?} Qa4 $6 {Missing the effective and efficient way to end
the attack and win the game...} (28... Rc3+ $1 29. Rc2 Rxc2+ 30. Qxc2 (30. Kxc2
Qc4+ 31. Kd1 Qxd4+ 32. Ke1 Rxb2 {-+}) 30... Rc4 {-+}) 29. Rhd1 Rc4+ $6 {
From here onward, the game was strongly influenced by the clock: both sides
had about 1 minute left (plus delay).} 30. Rc2 Rxd4 31. Rxd4 Qxd4 32. Rxc6 Qxf2
33. Qc2 Qe1+ 34. Qd1 Qxd1+ 35. Kxd1 Rxb2 {Simplifying to a manageable and
promising endgame that is easier to play (compared to an endgame with queens
still left on the board) given the extra material Black has.} 36. Ra6 Rxh2 37.
Rxa7 Rg2 38. Ra3 Kg7 39. Ke1 Kg6 40. Kf1 Rb2 41. Re3 Kg5 42. Kg1 Kg4 43. Kf1
Kh3 {Black decides to avoid pawn exchanges until the time is right -- lest
White manages to transition to the notorious drawn rook endgame with only f-
and h-pawns left.} 44. Rf3 {With seconds left on the clock, I stopped notating
here. The game concluded after one more pawn was exchanged and Black (somehow)
managed to trade rooks with a skewer on the f-file, leading to a king-and-pawn
endgame with no chances for White to survive.} 0-1

[Event "WA Challenger's Cup"]
[Site "Seattle, WA"]
[Date "2021.10.24"]
[Round "1"]
[White "Liu, Austin"]
[Black "Perez, Ignacio"]
[Result "1-0"]
[WhiteElo "1794"]
[BlackElo "2206"]
[Annotator "Austin Liu"]
[PlyCount "113"]
[EventDate "2021.10.24"]

1. e4 d6 2. d4 g6 3. Nc3 Bg7 4. Be3 Nf6 5. f3 O-O 6. Qd2 Re8 $5 {An
interesting sideline, aiming to drop the bishop back if White tries Bh6.} (6...
c5 7. dxc5 dxc5 8. Qxd8 Rxd8 9. Bxc5 Nc6 {Transposes into the Samisch.}) 7.
O-O-O b5 $2 {A highly dubious gambit - with proper defense, White gains a
clear advantage.} 8. Bxb5 c6 9. Bc4 Qa5 10. Kb1 Qb4 11. Bb3 a5 12. a3 Qb7 13.
Nge2 {and Black's attack is already looking very unconvincing.} Nbd7 14. g4 Nb6
15. Ka1 {With the idea of Rb1.} a4 16. Ba2 Rb8 17. Rb1 Be6 18. Bxe6 fxe6 19.
Qd3 Nfd7 20. h4 e5 21. h5 exd4 22. Bxd4 e5 {An "all or nothing" move; if
Black's attack doesn't succeed, then White's material advantage and better
pawn structure will prevail.} 23. Bxb6 Nxb6 24. hxg6 hxg6 25. Qxd6 Qf7 26. Qxc6
{Freeing up the d5-square for the queen or knight in future lines.} Rec8 27.
Qb5 Rd8 28. Rhd1 Rdc8 29. Rd3 {Defending f3, as well as preparing to cover a3
after Nxa4.} Bf8 30. Nxa4 {I decided to take on a4 instead of on e5 since I
was worried about opening the long diagonal for Black's bishop, although both
are good.} Nxa4 31. Qxa4 Ra8 32. Qb3 Qxb3 33. Rxb3 Rxc2 34. Nc3 Bc5 35. Nd5 Bd4
36. Ka2 Rf8 37. g5 {At around this point, I went below 5 minutes; as such, the
following moves are rather messy and made the win a lot harder than it should
have been.} Rg2 38. Nf6+ Kg7 39. Ng4 (39. Rb7+ Rf7 40. Rh1 Rxb7 41. Rh7+ Kf8
42. Rxb7 $18 {is a more elegant solution; Black's unpleasant king situation
allows White to easily march the a-pawn to victory.}) 39... Rf7 40. Rh1 Rg3 41.
Nf6 Rxg5 {Here, I almost played Rh7+ and Rb6#. Except, the bishop covers b6.
That was a near-disaster...} 42. Ne8+ Kg8 43. Rb8 Rg2 44. Nc7+ Kg7 45. Ne8+ Kg8
46. Nd6+ Rf8 47. Rh8+ Kxh8 48. Rxf8+ Kg7 49. Rf7+ Kh6 50. Nc4 g5 51. a4 Rf2 52.
Rf5 Rg2 53. a5 g4 54. fxg4 Rxg4 55. Nxe5 Rxe4 56. Nd3 Re3 57. Nc1 {And after
35-ish more moves, I succeeded in earning the full point.} 1-0

[Event "WA Challenger's Cup"]
[Site "Seattle, WA"]
[Date "2021.10.23"]
[Round "5"]
[White "Dudala, Vihan"]
[Black "Liu, Lucas"]
[Result "1-0"]
[WhiteElo "1295"]
[BlackElo "1602"]
[Annotator "Vihan Dudala"]
[PlyCount "61"]
[EventDate "2021.10.24"]

1. d4 d5 2. c4 c6 {This is typically the most popular response for black known
as the 'Slav Defense' and is considered to be very solid for black.} 3. Nc3 Nf6
4. Nf3 Bf5 $5 {This is inaccurate. The right choice of move is e6 for black.
The bishop should ideally stay inside the pawn structure to keep b7 protected.}
5. e3 {An opportunity was missed for me here. White is better with the
following variation:} (5. cxd5 cxd5 (5... Nxd5 6. e3) 6. Qb3 $1 {In the
variations, seen - white gets the advantage of at least a pawn to grab if
played correctly. It's hard for Black to keep d5 and b7 protected at the same
time.} Qc7 (6... b6 7. e4 dxe4 8. Ne5 e6 9. Bb5+ Nbd7 10. Bg5) (6... Qd7 7. Ne5
Qc8 8. Nxd5) 7. Nxd5) 5... e6 6. cxd5 {Another option for me was to just
continue to keep the tension and play Bd3 immediately.} (6. Bd3 Bg6 7. O-O Be7
8. Ne5 {just continuing to keep the tension and not trading anything first.})
6... cxd5 7. Bb5+ Nbd7 8. O-O Bd6 9. h3 O-O 10. Bd3 Bg6 11. Bxg6 fxg6 {Not
sure if this recapture was best, it leaves a weak backward pawn on e6 that
could become a target later. It's usually better to recapture towards the
center and minimize the number of pawn islands you get in a standard a
middegame} (11... hxg6) 12. Nb5 $6 {This was probably inaccurate, black could
have retreat Bb8 and followed through with a6. The knight doesn't accomplish
anything on the b5 square} (12. Qd3 Nb6 13. Bd2 Rc8 14. Rac1 {Just completing
development}) 12... Nb6 $6 {Giving up the bishop pair, maybe the variation
below was a better continuation} (12... Bb8 13. Bd2 a6 14. Nc3 b5) 13. Nxd6
Qxd6 14. b3 Ne4 15. a4 {Threatening Ba3 (Skewer)} Qc7 16. Ba3 Rfe8 17. Rc1 Qd8
18. Ne5 Nd7 19. Nxd7 {Couldn't see what else to do, and since black had the
backward pawn on e6 - I figured that this would be a better endgame for white
anyway.} Qxd7 20. Bc5 $6 {My original idea was to invite black to take my
bishop on c5 and prepare to double up my rooks. However, after reviewing the
game later - I realized that a better continuation was to simply kick the
knight out with f3 and complete development.} (20. f3 Nf6 21. Qd3 Rec8 22. Rc3
Rxc3 23. Qxc3 Rc8 24. Qd2) 20... b6 21. Ba3 {Lost a tempo} e5 22. dxe5 Rxe5 23.
Qd4 {Now black has a weak d5 pawn that can be targeted.} Rae8 24. Rc2 Qf5 25.
f4 $2 {A mistake, the better way to prepare this idea was with Rc7 first,
following f4} (25. Rc7 $3 Qf6 (25... h6 26. f4 R5e6 27. Qxg7#) 26. Rxa7) 25...
Ng3 {This leads to a lot of complications which is what eventually lead my
opponent to blunder a few moves later.} 26. fxe5 Qxf1+ 27. Kh2 {Black has to
lose material} Ne2 28. Qxd5+ Kh8 29. Rxe2 $1 {My idea was to prepare Qf7 with
the strong possibility of setting up Back Rank Mate via Bf8 or alternatively
get my e5 pawn going.} Qxe2 30. Qf7 Rc8 $4 {A blunder that leads to forced
mate in 5. With correct play, Black can still force a draw - but probably not
easy to find.} (30... Rg8 31. e6 (31. Bf8 Qxe3 32. Bxg7+ Rxg7 33. Qf8+ Rg8 34.
Qf6+ Rg7 35. Qf8+ Rg8 36. Qf6+ Rg7 37. Qf8+) 31... Qxe3 32. e7 Qe5+ 33. Kg1
Qe1+ 34. Kh2 Qe5+ 35. Kg1 Qe1+ 36. Kh2 {And we have repetition}) 31. Bf8 $3 {
Mate is cannot be stopped. My opponent resigned here. If black continued to
play here, it would have concluded in the following variation.} (31. Bf8 Qxg2+
32. Kxg2 Rc2+ 33. Kf3 Rf2+ 34. Kxf2 b5 35. Qxg7#) 1-0